Bytový dom, Terchovská ulica, Bratislava

Uložené v:
Podrobná bibliografia
Hlavný autor: Markovicsová, Rebeka (Autor)
Ďalší autori: Janák, Michal (Vedúci práce)
Médium: Rukopis Kniha
Jazyk:Slovak
Vydavateľské údaje: 2024
Predmet:
On-line prístup:http://is.stuba.sk/zp/portal_zp.pl?podrobnosti=161926
Tagy: Pridať tag
Žiadne tagy, Buďte prvý, kto otaguje tento záznam!

MARC

LEADER 00000ntm a22000003a 4500
001 stuzp99512
003 SK-STU
005 20240615211513.0
007 ta
008 150427s2015----xo-----f-mn---000-0-slo-d
040 |a STU  |b slo 
041 0 |a slo 
100 1 |a Markovicsová, Rebeka  |u 050000  |4 aut  |T FAD Fakulta architektúry a dizajnu  |X 110186  |U A  |Y 50  |7 110186 
242 0 1 |a Housing, Terchovská str., Bratislava  |y eng 
245 1 0 |a Bytový dom, Terchovská ulica, Bratislava 
260 |c 2024 
650 4 |a bytový dom  |2 slo 
650 4 |a komunitné bývanie  |2 slo 
650 4 |a Bratislava  |2 slo 
650 4 |a social housing  |2 eng 
650 4 |a community housing  |2 eng 
650 4 |a Bratislava  |2 eng 
700 1 |a Janák, Michal  |4 ths  |X 40127  |7 A000040127 
856 4 |u http://is.stuba.sk/zp/portal_zp.pl?podrobnosti=161926